| 000 | 01052cab a2200205 4500 | ||
|---|---|---|---|
| 001 | L136442 | ||
| 008 | 070131n2006 000 0 eng u | ||
| 035 | _a(Sirsi) u136442 | ||
| 041 | 0 | _aeng | |
| 245 | 0 | 4 | _aThe guide to careers in regeneration 2006-2007 |
| 260 | _c2006 | ||
| 490 | 0 |
_aRegeneration and Renewal _v27 October 2006 Supplement, 1-51(31) (LOAN) |
|
| 520 | _aProfiles the types of jobs that are available in regeneration projects in the public, private and voluntary sectors, and the levels of financial remuneration for these sectors. Discusses the shortage of skills in the sector and what different bodies are doing to address these shortages. Discusses the types of courses that are becoming available as postgraduate courses, with multi-disciplinary courses emerging. Provides a listing of related postgraduate training courses. | ||
| 590 | _aKA | ||
| 651 | 4 |
_aUnited Kingdom _y |
|
| 690 | _aPROPERTY-PROPERTY MANAGEMENT-REGENERATION | ||
| 690 | _aCAREERS, EDUCATION AND TRAINING | ||
| 700 | 1 |
_aRoss, Matt _eEditor |
|
| 942 | _n0 | ||
| 999 |
_c78293 _d78293 |
||